000 00443nam a2200181Ia 4500
005 20250326130224.0
008 250326s9999 xx 000 0 und d
037 _aTextbook
040 _aFMSL
_beng
_cFMSL
041 _aeng
_2eng
084 _qFMSL
100 _aI B M
_9739841
245 0 _aIndian minerals year book
_cI B M
260 _aIndia
_bIndia, Manager
_c1972
300 _a707p
942 _cTB
999 _c1281523
_d1281523